Sports Quiz

Random Sports Quiz

Manchester United League Cup Final Squad 2010 Quiz Stats

 Plays Quiz not verified by Sporcle

Challenge
Share
Tweet
Embed
Score 0/18 Timer 06:00
0 Plays Today
Hint Answer % Correct
Wayne Rooney
96%
Nemanja Vidic
81%
Paul Scholes
80.4%
Patrice Evra
74.6%
Michael Carrick
69.4%
Gary Neville
59.4%
Dimitar Berbatov
54%
Antonio Valencia
52.7%
Rafael Da Silva
49.6%
Hint Answer % Correct
Wes Brown
49%
Darren Fletcher
43.4%
Ben Foster
41.9%
Park Ji-sung
38.4%
Michael Owen
37.6%
Jonny Evans
37.5%
Darron Gibson
25.8%
Tomasz Kuszczak
9.3%
Mame Biram Diouf
5.7%

You're not logged in!

Compare scores with friends on all Sporcle quizzes.
Join for Free
OR
Log In

You Might Also Like...

Show Comments

Extras

Top Quizzes Today


Score Distribution

Your Account Isn't Verified!

In order to create a playlist on Sporcle, you need to verify the email address you used during registration. Go to your Sporcle Settings to finish the process.

Report this User

Report this user for behavior that violates our Community Guidelines.

Details: